| 000 | 00674nam a2200157Ia 4500 | ||
|---|---|---|---|
| 005 | 20240812010144.0 | ||
| 008 | 240331s9999 xx 000 0 und d | ||
| 020 | _a0586083332 | ||
| 082 |
_bHOL _a398.2 |
||
| 100 | _aHole, C | ||
| 245 | 0 | _aWitchcraft in Britain | |
| 260 |
_aEngland _bGranda Publising Limited _c1979 |
||
| 300 | _a203 p ., | ||
| 500 | _aHere is a history of British witchcraft written by one of the country's leading folklorists and illustrated by one of the greatest fantasists, mervyn peake. traces of the old beliefs still survive in our everyday superstitions, but for hundreds of years witchcraft was a daily reality for evil or for good. | ||
| 942 | _cL | ||
| 999 |
_c2985 _d2985 |
||